Normal view
MARC view
Entry Topical Term
001 - CONTROL NUMBER
- control field: 61908
003 - CONTROL NUMBER IDENTIFIER
- control field:
005 - DATE AND TIME OF LATEST TRANSACTION
- control field: 20241210130937.0
008 - FIXED-LENGTH DATA ELEMENTS
- fixed length control field: 241210|| aca||aabn | a|a d
040 ## - CATALOGING SOURCE
- Original cataloging agency:
- Transcribing agency:
150 ## - HEADING--TOPICAL TERM
- Topical term or geographic name entry element: Enlightenment
- Form subdivision: Spain
670 ## - SOURCE DATA FOUND
- Source citation: Work cat.: ()25041: HERR, Richard aut 46414, The eighteenth century revolution in Spain /, 1958
